| 000 | 01453nam a2200397Ii 4500 | ||
|---|---|---|---|
| 001 | DIGPOPL0228 | ||
| 003 | NyNyDIG | ||
| 006 | m o d | ||
| 007 | cr ||||||||||| | ||
| 008 | 240710s2021 sp ob 000 0 spa d | ||
| 035 | _a(OCoLC)1449536579 | ||
| 040 |
_aDGITA _beng _erda _epn _cDGITA |
||
| 020 | _z9788478848775 | ||
| 043 | _ae-sp--- | ||
| 050 | 1 | 4 | _aJN8395 ebook |
| 100 | 1 |
_aLópez-Aranguren, Eduardo, _eauthor. |
|
| 245 | 1 | 3 |
_aEl populismo y la ideología populista en España / _cEduardo López-Aranguren. |
| 264 | 1 |
_aMadrid : _bEditorial Popular, _c[2021] |
|
| 300 | _a1 online resource. | ||
| 336 |
_atext _btxt _2rdacontent |
||
| 337 |
_acomputer _bc _2rdamedia |
||
| 338 |
_aonline resource _bcr _2rdacarrier |
||
| 347 |
_atext file _2rdaft |
||
| 347 | _bPDF | ||
| 490 | 1 | _a[Qué sabes de...] | |
| 504 | _aIncludes bibliographical references. | ||
| 588 | 0 | _aOnline resource; title from PDF title page (Digitalia, viewed July 10, 2024) | |
| 650 | 0 |
_aPopulism _zSpain. |
|
| 791 | 2 |
_aDigitalia (Firm), _edistributor. |
|
| 793 | 0 |
_gDigitalia eBook Collection: _aEditorial Popular |
|
| 776 | 0 | 8 |
_iPrint version: _aLópez-Aranguren, Eduardo. _tPopulismo y la ideología populista en España. _dMadrid : Editorial Popular, [2021] _z9788478848775 |
| 830 | 0 |
_aQué sabes de... ; _v17. |
|
| 856 | 4 | 0 |
_3Digitalia Hispánica _uhttps://www.digitaliapublishing.com/a/155717/ |
| 910 | _aPremium collection: 2024 | ||
| 942 | _cRAA | ||
| 999 |
_c286061 _d286061 |
||